000
00192nam a2200097Ia 4500
100
_a
Kumbhojkar- G.V
942
_c
BK
245
_a
Engineering Mathematics iv
260
_c
2021
082
_a
510
999
_c
35850
_d
35850